000 00354nam a2200145Ia 4500
008 231129s1992||||xx |||||||||||||| ||spa||
020 _a958-9043-84-4
040 _bspa
082 _aCo863.4 G633l
100 _aLevy L. Kurt
245 0 _aEfe Gomez
260 _c1992
264 _aProcultura
942 _2ddc
_cBKS
999 _c10032
_d10032